Personality, Individual Difference and Intelligence (Record no. 5426)
[ view plain ]
| 000 -LEADER | |
|---|---|
| fixed length control field | 01782cam a22002294a 4500 |
| 005 - ΗΜΕΡΟΜΗΝΙΑ ΚΑΙ ΩΡΑ ΤΕΛΕΥΤΑΙΑΣ ΕΝΗΜΕΡΩΣΗΣ | |
| Πεδίο ελέγχου | 20250605164212.0 |
| 008 - FIXED-LENGTH DATA ELEMENTS--GENERAL INFORMATION | |
| Πεδίο ελέγχου σταθερού μήκους | 250528s ||||||||||||||||||||||||d |
| 035 ## - SYSTEM CONTROL NUMBER | |
| System control number | 20303 |
| 020 ## - ISBN | |
| ISBN | 131297600 |
| 040 ## - ΠΗΓΗ ΚΑΤΑΛΟΓΟΓΡΑΦΗΣΗΣ | |
| Φορέας πρωτότυπης καταλογογράφησης | MC Athens Campus Library |
| Γλώσσα καταλογογράφησης | Ελληνικά, Μοντέρνα (1453-) |
| Modifying agency | MC Athens Campus Library |
| Κανόνες περιγραφικής καταλογογράφησης | AACR2 |
| 245 1# - ΤΙΤΛΟΣ ΚΑΙ ΔΗΛΩΣΗ ΥΠΕΥΘΥΝΟΤΗΤΑΣ | |
| Τίτλος | Personality, Individual Difference and Intelligence |
| 250 ## - EDITION STATEMENT | |
| Edition statement | 1st |
| 260 ## - PUBLICATION, DISTRIBUTION, ETC. | |
| Name of publisher, distributor, etc. | Pearson Education Limited, |
| Date of publication, distribution, etc. | 2007 |
| 300 ## - PHYSICAL DESCRIPTION | |
| Extent | 664 |
| 520 ## - SUMMARY, ETC. | |
| Summary, etc. | Highly engaging and lively in presentation, this thought-provoking text introduces students to the major theories, methods, research findings and debates in Personality, Individual Differences and Intelligence. Personality, Personality Theory in Context, The Basis of the Psychoanalytic Approach to Personality, Developments of Freudian Theorizing, Learning Theory Perspectives on Personality, Cognitive Personality Theories, Humanistic Personality Theories, The Trail Approach to Personality, Biological Basis of Personality I: Genetic Heritability of Personality and Biological and Physiological Models of Personality, Biological Basis of Personality II: Evolutionary Psychology and Animal Studies of Personality, Intelligence, An Introduction to Intelligence, Theories and Measurement of Intelligence, Intelligence tests: What Do Scores on Intelligence Test Reflect, Heritability and Socially Defined Race Differences in Intelligence, Sex Differences in Intelligence: Spatial Intelligence and Emotional Intelligence, The Application of Personality and Intelligence in Education and the Workplace, Applied Individual Differences, An Introduction to Applied Individual Differences, Optimism, Irrational Beliefs. |
| 700 1# - ΠΡΟΣΘΕΤΗ ΑΝΑΓΡΑΦΗ--ΦΥΣΙΚΟ ΠΡΟΣΩΠΟ | |
| Personal name | Day Liz |
| 9 (RLIN) | 6311 |
| 700 1# - ΠΡΟΣΘΕΤΗ ΑΝΑΓΡΑΦΗ--ΦΥΣΙΚΟ ΠΡΟΣΩΠΟ | |
| Personal name | Macaskill Ann |
| 9 (RLIN) | 6312 |
| 700 1# - ΠΡΟΣΘΕΤΗ ΑΝΑΓΡΑΦΗ--ΦΥΣΙΚΟ ΠΡΟΣΩΠΟ | |
| Personal name | Maltby John |
| 9 (RLIN) | 6313 |
| 942 ## - ADDED ENTRY ELEMENTS (KOHA) | |
| Koha item type | Books |
| Τύπος τεκμηρίου | Βιβλιοθήκη | Τρέχουσα τοποθεσία | Barcode | Αριθμός εισαγωγής | Ημερομηνία απόκτησης | Ταξιθετικό σύμβολο | Αριθμός αντιτύπου | Κατάσταση απόσυρσης | Κατάσταση χαμένου | Κατάσταση κατεστραμμένου | Μη δανεισμός | Σύνολο δανεισμών | Ημερομηνία τελευταίας εμφάνισης | Η τιμή ισχύει από |
|---|---|---|---|---|---|---|---|---|---|---|---|---|---|---|
| Books | MC Athens Campus Library | MC Athens Campus Library | 9780000054258 | 6663 | 05/06/2025 | 155.2 MAL | 1 | 05/06/2025 | 05/06/2025 |